| 000 | 01354nam a2200121Ia 4500 | ||
|---|---|---|---|
| 008 | 220620s9999||||xx |||||||||||||| ||und|| | ||
| 245 | 0 |
_aArts and Health Promotion _bTools and Bridges for Practice, Research, and Social Transformation |
|
| 546 | _aEnglish[eng] | ||
| 650 | _aHealth Promotion and Disease Prevention||Creativity and Arts Education||Sociology, general||Science, Humanities and Social Sciences, multidisciplinary||Psychology, general||Health, Medicine and Society||Humanities and Social Sciences||Behavioral Sciences and Psychology||health promotion||creative arts, health, and well-being||health communication||health education||interdisciplinary||qualitative research||social justice||cultural diversity||public health||community health||socio-environmental health||applied arts||indigenous health promotion||art therapy||health humanities||medical humanities||arts-related research||health disparities||health equity||open access||Public health & preventive medicine||Teaching of a specific subject||The Arts||Sociology||Interdisciplinary studies||Psychology | ||
| 700 | _aCorbin, J. Hope||Sanmartino, Mariana||Hennessy, Emily Alden||Urke, Helga Bjørnøy | ||
| 856 | _uhttps://library.oapen.org/bitstream/20.500.12657/48268/1/9783030564179.pdf||https://library.oapen.org/bitstream/20.500.12657/48268/1/9783030564179.pdf | ||
| 942 | _cEB | ||
| 999 |
_c24271 _d24271 |
||